Édith Piaf (Record no. 91408)

MARC details
000 -LEADER
fixed length control field 01637nam a2200217Ii 4500
008 - FIXED-LENGTH DATA ELEMENTS--GENERAL INFORMATION
fixed length control field 221202s xx 000 0 und d
100 1# - MAIN ENTRY--PERSONAL NAME
Personal name Looseley, David,
Relator term author
245 #0 - TITLE STATEMENT
Title Édith Piaf
246 ## - VARYING FORM OF TITLE
Title proper/short title A Cultural History
264 #1 - PRODUCTION, PUBLICATION, DISTRIBUTION, MANUFACTURE, AND COPYRIGHT NOTICE
Place of production, publication, distribution, manufacture Liverpool
Name of producer, publisher, distributor, manufacturer Liverpool University Press
Date of production, publication, distribution, manufacture, or copyright notice 2015
300 ## - PHYSICAL DESCRIPTION
Extent 1 online resource
336 ## - CONTENT TYPE
Content type term text
Content type code txt
Source rdacontent
337 ## - MEDIA TYPE
Media type term computer
Media type code c
Source rdamedia
338 ## - CARRIER TYPE
Carrier type term online resource
Carrier type code cr
Source rdacarrier
520 ## - SUMMARY, ETC.
Summary, etc. The world-famous French singer Édith Piaf (1915-63) was never just a singer. Dozens of biographies of her, of variable quality, have seldom got beyond the well known and usually contested 'facts' of her life. This book suggests new ways of understanding her. A 'cultural history' of Piaf means exploring her cultural, social and political significance as a national and international icon, looking at her shifting meanings over time, at home and abroad. How did she become a star and a myth? What did she come to mean in life and in death? At the centenary of her birth and more than fifty years after her passing, why do we still remember her work and commemorate her through the work of others, from Claude Nougaro and Elton John to Ben Harper and Zaz, as well as in films, musicals, documentaries and tribute acts around the world? What does she mean today? The book proposes the notion of an imagined Piaf.
653 ## - INDEX TERM--UNCONTROLLED
Uncontrolled term Biography
653 ## - INDEX TERM--UNCONTROLLED
Uncontrolled term Culture Studies
653 ## - INDEX TERM--UNCONTROLLED
Uncontrolled term History
856 ## - ELECTRONIC LOCATION AND ACCESS
Uniform Resource Identifier <a href="https://docs.google.com/spreadsheets/d/1yKIrdCPDAG_9c22mwoOIO2DOhtj65Wqa/edit?usp=sharing&ouid=106555315294820607512&rtpof=true&sd=true ">https://docs.google.com/spreadsheets/d/1yKIrdCPDAG_9c22mwoOIO2DOhtj65Wqa/edit?usp=sharing&ouid=106555315294820607512&rtpof=true&sd=true </a>
Link text List of Curated E-Books
942 ## - ADDED ENTRY ELEMENTS (KOHA)
Koha item type E-Book

No items available.

University of Rizal System
Email us at univlibservices@urs.edu.ph

Visit our Website www.urs.edu.ph/library